<?xml version="1.0" encoding="UTF-8"?>
<record
    xmlns:xsi="http://www.w3.org/2001/XMLSchema-instance"
    xsi:schemaLocation="http://www.loc.gov/MARC21/slim http://www.loc.gov/standards/marcxml/schema/MARC21slim.xsd"
    xmlns="http://www.loc.gov/MARC21/slim">

  <leader>02210    a2200229   4500</leader>
  <controlfield tag="003">NALT</controlfield>
  <controlfield tag="005">20260120160610.0</controlfield>
  <controlfield tag="008">220824b        th ||||| |||| 00| 0 tha d</controlfield>
  <datafield tag="020" ind1=" " ind2=" ">
    <subfield code="a">9786165811057</subfield>
  </datafield>
  <datafield tag="040" ind1=" " ind2=" ">
    <subfield code="a">NALT</subfield>
  </datafield>
  <datafield tag="090" ind1=" " ind2=" ">
    <subfield code="a">KT 41</subfield>
    <subfield code="b">&#xE13;211&#xE2B; 2565</subfield>
  </datafield>
  <datafield tag="100" ind1="0" ind2=" ">
    <subfield code="a">&#xE13;&#xE23;&#xE07;&#xE04;&#xE4C; &#xE43;&#xE08;&#xE2B;&#xE32;&#xE0D;.</subfield>
    <subfield code="9">20120</subfield>
  </datafield>
  <datafield tag="245" ind1="1" ind2="0">
    <subfield code="a">&#xE2B;&#xE25;&#xE31;&#xE01;&#xE01;&#xE0E;&#xE2B;&#xE21;&#xE32;&#xE22;&#xE27;&#xE34;&#xE18;&#xE35;&#xE1E;&#xE34;&#xE08;&#xE32;&#xE23;&#xE13;&#xE32;&#xE04;&#xE27;&#xE32;&#xE21;&#xE2D;&#xE32;&#xE0D;&#xE32; &#xE40;&#xE25;&#xE48;&#xE21; 1 /</subfield>
    <subfield code="c">&#xE13;&#xE23;&#xE07;&#xE04;&#xE4C; &#xE43;&#xE08;&#xE2B;&#xE32;&#xE0D;.</subfield>
  </datafield>
  <datafield tag="250" ind1=" " ind2=" ">
    <subfield code="a">&#xE1E;&#xE34;&#xE21;&#xE1E;&#xE4C;&#xE04;&#xE23;&#xE31;&#xE49;&#xE07;&#xE17;&#xE35;&#xE48; 14 &#xE41;&#xE01;&#xE49;&#xE44;&#xE02;&#xE40;&#xE1E;&#xE34;&#xE48;&#xE21;&#xE40;&#xE15;&#xE34;&#xE21;.</subfield>
  </datafield>
  <datafield tag="260" ind1=" " ind2=" ">
    <subfield code="a">&#xE01;&#xE23;&#xE38;&#xE07;&#xE40;&#xE17;&#xE1E;&#xE2F; :</subfield>
    <subfield code="b">&#xE27;&#xE34;&#xE0D;&#xE0D;&#xE39;&#xE0A;&#xE19;,</subfield>
    <subfield code="c">2565.</subfield>
  </datafield>
  <datafield tag="300" ind1=" " ind2=" ">
    <subfield code="a">491 &#xE2B;&#xE19;&#xE49;&#xE32; :</subfield>
    <subfield code="c">26 &#xE0B;&#xE21;.</subfield>
  </datafield>
  <datafield tag="505" ind1="0" ind2=" ">
    <subfield code="a">&#xE20;&#xE32;&#xE04; 1 &#xE02;&#xE49;&#xE2D;&#xE04;&#xE27;&#xE32;&#xE21;&#xE40;&#xE1A;&#xE37;&#xE49;&#xE2D;&#xE07;&#xE15;&#xE49;&#xE19; -- &#xE1A;&#xE17;&#xE17;&#xE35;&#xE48; 1 &#xE04;&#xE27;&#xE32;&#xE21;&#xE2B;&#xE21;&#xE32;&#xE22; &#xE17;&#xE35;&#xE48;&#xE21;&#xE32; &#xE41;&#xE25;&#xE30;&#xE2B;&#xE25;&#xE31;&#xE01;&#xE17;&#xE31;&#xE48;&#xE27;&#xE44;&#xE1B;&#xE02;&#xE2D;&#xE07;&#xE01;&#xE0E;&#xE2B;&#xE21;&#xE32;&#xE22;&#xE27;&#xE34;&#xE18;&#xE35;&#xE1E;&#xE34;&#xE08;&#xE32;&#xE23;&#xE13;&#xE32;&#xE04;&#xE27;&#xE32;&#xE21;&#xE2D;&#xE32;&#xE0D;&#xE32; -- &#xE1A;&#xE17;&#xE17;&#xE35;&#xE48; 2 &#xE02;&#xE31;&#xE49;&#xE19;&#xE15;&#xE2D;&#xE19;&#xE01;&#xE32;&#xE23;&#xE14;&#xE33;&#xE40;&#xE19;&#xE34;&#xE19;&#xE04;&#xE14;&#xE35;&#xE2D;&#xE32;&#xE0D;&#xE32; -- &#xE1A;&#xE17;&#xE17;&#xE35;&#xE48; 3 &#xE1A;&#xE38;&#xE04;&#xE04;&#xE25;&#xE41;&#xE25;&#xE30;&#xE2A;&#xE16;&#xE32;&#xE1A;&#xE31;&#xE19;&#xE43;&#xE19;&#xE01;&#xE23;&#xE30;&#xE1A;&#xE27;&#xE19;&#xE01;&#xE32;&#xE23;&#xE14;&#xE33;&#xE40;&#xE19;&#xE34;&#xE19;&#xE04;&#xE14;&#xE35;&#xE2D;&#xE32;&#xE0D;&#xE32; -- &#xE1A;&#xE17;&#xE17;&#xE35;&#xE48; 4 &#xE2D;&#xE33;&#xE19;&#xE32;&#xE08;&#xE02;&#xE2D;&#xE07;&#xE40;&#xE08;&#xE49;&#xE32;&#xE1E;&#xE19;&#xE31;&#xE01;&#xE07;&#xE32;&#xE19;&#xE41;&#xE25;&#xE30;&#xE28;&#xE32;&#xE25; -- &#xE1A;&#xE17;&#xE17;&#xE35;&#xE48; 5 &#xE01;&#xE32;&#xE23;&#xE1F;&#xE49;&#xE2D;&#xE07;&#xE04;&#xE14;&#xE35;&#xE2D;&#xE32;&#xE0D;&#xE32;&#xE41;&#xE25;&#xE30;&#xE04;&#xE14;&#xE35;&#xE41;&#xE1E;&#xE48;&#xE07;&#xE17;&#xE35;&#xE48;&#xE40;&#xE01;&#xE35;&#xE48;&#xE22;&#xE27;&#xE40;&#xE19;&#xE37;&#xE48;&#xE2D;&#xE07;&#xE01;&#xE31;&#xE1A;&#xE04;&#xE14;&#xE35;&#xE2D;&#xE32;&#xE0D;&#xE32; -- &#xE1A;&#xE17;&#xE17;&#xE35;&#xE48; 6 &#xE2B;&#xE21;&#xE32;&#xE22;&#xE40;&#xE23;&#xE35;&#xE22;&#xE01;&#xE41;&#xE25;&#xE30;&#xE2B;&#xE21;&#xE32;&#xE22;&#xE2D;&#xE32;&#xE0D;&#xE32; -- &#xE1A;&#xE17;&#xE17;&#xE35;&#xE48; 7 &#xE01;&#xE32;&#xE23;&#xE08;&#xE33;&#xE01;&#xE31;&#xE14;&#xE40;&#xE2A;&#xE23;&#xE35;&#xE20;&#xE32;&#xE1E;&#xE02;&#xE2D;&#xE07;&#xE1A;&#xE38;&#xE04;&#xE04;&#xE25;&#xE43;&#xE19;&#xE04;&#xE14;&#xE35;&#xE2D;&#xE32;&#xE0D;&#xE32; -- &#xE20;&#xE32;&#xE04; 2 &#xE2A;&#xE2D;&#xE1A;&#xE2A;&#xE27;&#xE19; -- &#xE1A;&#xE17;&#xE17;&#xE35;&#xE48; 1 &#xE2B;&#xE25;&#xE31;&#xE01;&#xE01;&#xE32;&#xE23;&#xE17;&#xE31;&#xE48;&#xE27;&#xE44;&#xE1B;&#xE40;&#xE01;&#xE35;&#xE48;&#xE22;&#xE27;&#xE01;&#xE31;&#xE1A;&#xE01;&#xE32;&#xE23;&#xE2A;&#xE2D;&#xE1A;&#xE2A;&#xE27;&#xE19; -- &#xE1A;&#xE17;&#xE17;&#xE35;&#xE48; 2 &#xE01;&#xE32;&#xE23;&#xE2A;&#xE2D;&#xE1A;&#xE2A;&#xE27;&#xE19;&#xE2A;&#xE32;&#xE21;&#xE31;&#xE0D; -- &#xE1A;&#xE17;&#xE17;&#xE35;&#xE48; 3 &#xE01;&#xE32;&#xE23;&#xE0A;&#xE31;&#xE19;&#xE2A;&#xE39;&#xE15;&#xE23;&#xE1E;&#xE25;&#xE34;&#xE01;&#xE28;&#xE1E;.</subfield>
  </datafield>
  <datafield tag="650" ind1=" " ind2="4">
    <subfield code="9">1089</subfield>
    <subfield code="a">&#xE27;&#xE34;&#xE18;&#xE35;&#xE1E;&#xE34;&#xE08;&#xE32;&#xE23;&#xE13;&#xE32;&#xE04;&#xE27;&#xE32;&#xE21;&#xE2D;&#xE32;&#xE0D;&#xE32;</subfield>
  </datafield>
  <datafield tag="850" ind1=" " ind2=" ">
    <subfield code="a">NALT</subfield>
  </datafield>
  <datafield tag="942" ind1=" " ind2=" ">
    <subfield code="2">local</subfield>
    <subfield code="c">LB</subfield>
  </datafield>
  <datafield tag="998" ind1=" " ind2=" ">
    <subfield code="c">103</subfield>
    <subfield code="j">111</subfield>
    <subfield code="k"> &#xE19;&#xE32;&#xE07;&#xE2A;&#xE32;&#xE27;&#xE1E;&#xE08;&#xE1E;&#xE34;&#xE13;  &#xE1E;&#xE23;&#xE21;&#xE40;&#xE2D;&#xE35;&#xE48;&#xE22;&#xE21;</subfield>
  </datafield>
  <datafield tag="999" ind1=" " ind2=" ">
    <subfield code="c">100540</subfield>
    <subfield code="d">100540</subfield>
  </datafield>
  <datafield tag="952" ind1=" " ind2=" ">
    <subfield code="0">0</subfield>
    <subfield code="1">0</subfield>
    <subfield code="2">local</subfield>
    <subfield code="4">0</subfield>
    <subfield code="7">0</subfield>
    <subfield code="8">CLAW</subfield>
    <subfield code="a">NALT</subfield>
    <subfield code="b">NALT</subfield>
    <subfield code="c">LAW</subfield>
    <subfield code="d">2022-08-18</subfield>
    <subfield code="e">23</subfield>
    <subfield code="l">13</subfield>
    <subfield code="m">7</subfield>
    <subfield code="o">KT 41 &#xE13;211&#xE2B; 2565 &#xE25;.1</subfield>
    <subfield code="p">3961213058</subfield>
    <subfield code="r">2025-12-22 00:00:00</subfield>
    <subfield code="s">2025-12-16</subfield>
    <subfield code="t">&#xE09;.2</subfield>
    <subfield code="w">2022-08-18</subfield>
    <subfield code="y">LB</subfield>
  </datafield>
  <datafield tag="952" ind1=" " ind2=" ">
    <subfield code="0">0</subfield>
    <subfield code="1">0</subfield>
    <subfield code="2">local</subfield>
    <subfield code="4">0</subfield>
    <subfield code="7">0</subfield>
    <subfield code="8">CLAW</subfield>
    <subfield code="a">NALT</subfield>
    <subfield code="b">NALT</subfield>
    <subfield code="c">LAW</subfield>
    <subfield code="d">2022-08-18</subfield>
    <subfield code="e">23</subfield>
    <subfield code="l">12</subfield>
    <subfield code="m">6</subfield>
    <subfield code="o">KT 41 &#xE13;211&#xE2B; 2565 &#xE25;.1</subfield>
    <subfield code="p">3961213057</subfield>
    <subfield code="r">2026-02-03 00:00:00</subfield>
    <subfield code="s">2026-01-20</subfield>
    <subfield code="t">&#xE09;.1</subfield>
    <subfield code="w">2022-08-18</subfield>
    <subfield code="y">LB</subfield>
  </datafield>
</record>
